Cumulative causation and the "new" Theories of economic growth (Registro nro. 29297)
[ vista simple ]
| 000 -LEADER | |
|---|---|
| fixed length control field | 00390 a2200121 4500 |
| 001 - CONTROL NUMBER | |
| control field | ART_45378 |
| 005 - DATE AND TIME OF LATEST TRANSACTION | |
| control field | 20260410161939.0 |
| 008 - FIXED-LENGTH DATA ELEMENTS--GENERAL INFORMATION | |
| fixed length control field | 260409a |
| 100 1# - MAIN ENTRY--PERSONAL NAME | |
| Personal name | Skott, Peter |
| 245 10 - TITLE STATEMENT | |
| Title | Cumulative causation and the "new" Theories of economic growth |
| 700 1# - ADDED ENTRY--PERSONAL NAME | |
| Personal name | Auerbach, Paul |
| 773 0# - HOST ITEM ENTRY | |
| Title | Journal of post Keynesian economics |
| Related parts | - Vol. 17, Nº 3 (mar. 1995) |
| Record control number | REV26226 |
No hay ítems disponibles.